000 00466cam a2200145 4500500
005 20251228082904.0
041 _afre
042 _adc
100 1 0 _aBelin, Christian
_eauthor
245 0 0 _aL'imaginaire contourné des Pensées
260 _c2005.
500 _a50
786 0 _nDix-septième siècle | 228 | 3 | 2005-09-01 | p. 443-452 | 0012-4273
856 4 1 _uhttps://shs.cairn.info/revue-dix-septieme-siecle-2005-3-page-443?lang=fr&redirect-ssocas=7080
999 _c1600011
_d1600011